000 00772cab a2200253 4500
001 E90012
008 090401t1998 xxu||||| |||| 00| 0 eng d
035 _a(Sirsi) u84462
041 _aeng
245 _aCook v Renfrew District Council
260 _c1998
350 _a0
490 _aGreens Housing Law Reports
_v1998 HousLR 14-15(2)
520 _aLands Tribunal for Scotland. 8 JUne 1992. Landlord and tenant - public sector tenancy - tenants rights - calculation of discount.
650 _aCALCULATION OF DISCOUNT
650 _aLANDLORD AND TENANT
_96252
650 _aLANDS TRIBUNAL FOR SCOTLAND
650 _aLTS
650 _aPUBLIC SECTOR TENANCIES
650 _aTENANTS' RIGHTS
690 _aHOUSING-CASE LAW
942 _n0
948 _c24/02/1998
999 _c53077
_d53077